|
|
|
|
| LEADER |
01679njm a2200481 a 4500 |
| 001 |
000172212 |
| 003 |
CZ BrMZK |
| 005 |
20201113095156.0 |
| 008 |
010907s1965 xr f eng d |
| 028 |
0 |
1 |
|a 3267-2 911
|b Supraphon
|
| 040 |
|
|
|a BOA001
|b cze
|
| 080 |
|
|
|a 784.087.613.1(086.7)
|2 MRF
|
| 100 |
1 |
|
|a Friml, Rudolf,
|d 1879-1972
|7 jn19981001253
|4 cmp
|4 prf
|
| 245 |
1 |
0 |
|a Friml plays Friml
|h [zvukový záznam] /
|c Rudolf Friml.
|
| 246 |
3 |
3 |
|a Španělská vyzvědačka
|
| 246 |
3 |
3 |
|a Amour Coquette
|
| 246 |
3 |
3 |
|a Allahova dovolená
|
| 246 |
3 |
3 |
|a Což je to hřích?
|
| 246 |
3 |
3 |
|a Egyptský tanec
|
| 246 |
3 |
3 |
|a Improvizace na Oslí serenádu
|
| 246 |
3 |
3 |
|a Jen trochu lásky
|
| 246 |
3 |
3 |
|a Pražská improvizace
|
| 246 |
3 |
3 |
|a Pro Vás?
|
| 246 |
3 |
3 |
|a Písně Závišovy
|
| 246 |
3 |
3 |
|a Rapsodická improvizace
|
| 246 |
3 |
3 |
|a Rose Marie
|
| 246 |
3 |
3 |
|a Za tichých nocí
|
| 246 |
3 |
3 |
|a Zda si někdy vzpomínáte?
|
| 260 |
|
|
|a Praha :
|b Supraphon Records,
|c p1965
|
| 300 |
|
|
|a 1 CD :
|b AAD, stereo ;
|c 12 cm +
|e 1 vícejaz. brožura (9 s.).
|
| 306 |
|
|
|a 010051
|
| 500 |
|
|
|a Náz. písní též angl.
|
| 500 |
|
|
|a Nahr. 1964
|
| 500 |
|
|
|a Durata 60:51
|
| 505 |
2 |
|
|a Rose Marie, Allahova dovolená, Španělská vyzvědačka ... [et al.]
|
| 511 |
0 |
|
|a Friml, Rudolf, klavír; Ivo Žídek, tenor
|
| 653 |
0 |
|
|a filmové písně
|a operetní árie
|a tenor
|
| 700 |
1 |
|
|a Žídek, Ivo,
|d 1926-2003
|7 jn19981002503
|4 prf
|4 wam
|
| 700 |
1 |
|
|a Smékalová, Jana
|7 xx0120153
|4 wam
|
| 910 |
|
|
|a BOA001
|b CD-0004.392
|
| 964 |
|
|
|a Zpěv(tenor) a klavír
|x CD
|
| 990 |
|
|
|a AV
|
| 996 |
6 |
|
|b 261H004454
|c CD-0004.392
|l MZK
|r Sklad / do 24 hodin
|n 0
|p p.v.
|w 000172212
|u 000010
|a 1
|e BOA001
|j MZK50
|s P
|